000 00626nam a2200241Ia 4500
003 OSt
005 20220928143040.0
006 a|||||r|||| 00| 0
007 ta
008 220927b |||||||| |||| 00| 0 eng d
024 _a20697
037 _cTextual
040 _aSDCL
_cSDCL
_beng
041 _2eng
_aeng
082 _aX:89Q8, P0
100 _aJuran Joseph M Ed.
_9464323
245 0 _aJuran's quality handbook
250 _a5
260 _c2000
700 _a Godfrey A Blanton Ed.
_9464324
942 _hX:89Q8, P0
_cTEXL
_2CC
999 _c822795
_d822795